00481nmm a2200157Ia 4500008004100000020001800041041000800059100002400067245006500091264005200156300001800208650002200226856005100248942000700299999001700306251105s9999||||xx |||||||||||||||||und|| a9788416072644 aspa aMartí Font, J. M. 0aDespués del muro : Alemania y Europa 25 años más tarde a[Madrid, España] :bGalaxia Gutenberg, c2014 a258 páginas aHistory of Europe uhttps://public.digitaliapublishing.com/a/37381 cCF c77224d77224